LEADER 01895nam a2200337 u 4500 001 000000017742 003 CaOOAMICUS 005 20070226110608.0 008 940513s1985 it c u000 u ita u 035 $a10413260 040 $aEFR$bita 041 0 $aita$afre 111 2 $aConvegno di teologia sacramentaria$n(7. :$d1984 :$cRoma).$0(OLS)http://pul/name/15932 245 13$aIl ministero ordinato nel dialogo ecumenico :$briflessioni di teologi cattolici sul documento di Lima 1982 : atti del VII Convegno di teologia sacramentaria, 22-24 novembre 1984 /$ca cura di Giustino Farnedi e Philippe Rouillard. 260 $aRoma :$bPontificio Ateneo S. Anselmo,$c1985. 300 $a232 p. :$bportr. ;$c25 cm 490 1 $aStudia Anselmiana ;$v92.$aSacramentum ;$v9 500 $a"Scritti in onore di Gerardo J. Békés". 500 $aTesto in italiano e francese. 600 14$aBékés, Gellert,$cO.S.B.,$d1915-$0(OLS)http://pul/subject/12456 650 4$aOrdinazione$xCongressi.$0(OLS)http://pul/subject/12457 650 4$aTeologia pastorale$xCongressi.$0(OLS)http://pul/subject/12458 700 1 $aRouillard, Philippe,$cO.S.B.,$d1926-$0(OLS)http://pul/name/15933 700 1 $aFarnedi, Giustino,$cO.S.B.,$d1939-$0(OLS)http://pul/name/453 830 0$aStudia Anselmiana ;$v92.$0(OLS)http://pul/title/554 830 0$aStudia Anselmiana.$pSacramentum ;$v9.$0(OLS)http://pul/title/7251 850 $aPUL 852 $aPUL$W1$xSL Religione 3$y85$m230. 05 COLL 2.92$j24999$nBK-PRI$qDDC 21$B24999$CPULBib$Z2$F24999 $H53717 $82 941 1 $a9 996 $6245$aIl ministero ordinato nel dialogo ecumenico :$briflessioni di teologi cattolici sul documento di Lima 1982 : atti del VII Convegno di teologia sacramentaria, 22-24 novembre 1984$9(OLS)http://pul/title/25383 996 $6260$aRoma :$bPontificio Ateneo S. Anselmo$9(OLS)http://pul/publisher/48098 LEADER 00890naa a2200217 u 4500 001 000000099589 003 CaOOAMICUS 005 20070226130159.0 008 051004s1998 it u000 u ita u 035 $a11061641 040 $aIAR$bita 100 1 $aPazzini, Domenico.$0(OLS)http://pul/name/10852 245 10$a[Recensione :] Origeniana Sexta. Origčne et la Bible /$cDomenico Pazzini. 260 $aBologna :$bEd. Dehoniane,$c1998. 300 $aS. 667-674 ;$c22 cm 630 04$aOrigeniana Sexta.$0(OLS)http://pul/subject/31903 730 0 $aCristianesimo nella storia$g[Spogli].$0(OLS)http://pul/title/7312 773 0 $aCristianesimo nella storia ;.$tvol. XIX (1998) 773 0 $tCristianesimo nella storia$w()5012 996 $6245$a[Recensione :] Origeniana Sexta. Origčne et la Bible$9(OLS)http://pul/title/126467 996 $6260$aBologna :$bEd. Dehoniane$9(OLS)http://pul/publisher/48282